000 00817cab a2200289 4500
001 ABS57902
008 090401t1997 xxu||||| |||| 00| 0 eng d
035 _a(Sirsi) u82074
041 _aeng
245 _aRegional survey: Berkshire
260 _c1997
350 _a0
490 _aProperty Week
_v61(6) 7 November 1997, 36-54(10)
650 _aBERKSHIRE
650 _aBRACKNELL
650 _aMAIDENHEAD
650 _aNEWBURY
650 _aPROPERTY-COMMERCIAL PROPERTY-OFFICE PROPERTY-OFFICE PROPERTY MARKET
650 _aREADING
650 _aPROPERTY-COMMERCIAL PROPERTY-RETAIL PROPERTY-RETAIL PROPERTY MARKET
650 _aSLOUGH
650 _aTHAMES VALLEY
650 _aWOKINGHAM
690 _aPROPERTY-COMMERCIAL PROPERTY-COMMERCIAL PROPERTY MARKET
942 _n0
948 _c13/11/1997
999 _c51766
_d51766